El régimen jurídico-fiscal inmobiliario de algunos organismos /
Obra de referencia para el análisis de las legislaciones o disposiciones jurídicas de las asociaciones civiles, religiosas, instituciones de beneficencia, partidos políticos, sindicatos y fideicomisos que ayuden a detectar el sustento jurídico-fiscal que impide a estos organismos sociales, evadir el...
-д хадгалсан:
| Үндсэн зохиолч: | |
|---|---|
| Бусад зохиолчид: | |
| Формат: | Ном |
| Хэл сонгох: | испани |
| Нөхцлүүд: | |
| Шошгууд: |
Шошго байхгүй, Энэхүү баримтыг шошголох эхний хүн болох!
|
MARC
| LEADER | 00000nam^a2200000^a^4500 | ||
|---|---|---|---|
| 001 | 000167854 | ||
| 005 | 20250521000000.0 | ||
| 009 | 20260310101141.057 | ||
| 020 | |a 968-7544-16-3 | ||
| 037 | |a Acervo ITESO - Biblioteca | ||
| 041 | |a ESP | ||
| 082 | |a 343. 72054 |b SED | ||
| 100 | |a Sedas Ortega, Cecilia |e (autor) | ||
| 245 | 1 | 3 | |a El régimen jurídico-fiscal inmobiliario de algunos organismos / |c C. Sedas Ortega ; presen. de J.A. Zarzosa Escobedo. |
| 264 | |a Guadalajara, México : |b Instituto para el Desarrollo Técnico de las Haciendas Públicas, |c 1996 | ||
| 300 | |a 288 p. | ||
| 336 | |a texto |b txt |2 rdacontenido | ||
| 337 | |a sin mediación |b n |2 rdamedio | ||
| 338 | |a volumen |b nc |2 rdasoporte | ||
| 520 | |a Obra de referencia para el análisis de las legislaciones o disposiciones jurídicas de las asociaciones civiles, religiosas, instituciones de beneficencia, partidos políticos, sindicatos y fideicomisos que ayuden a detectar el sustento jurídico-fiscal que impide a estos organismos sociales, evadir el pago de sus impuestos municipales correspondientes a bienes inmuebles. | ||
| 649 | |a XX | ||
| 650 | |a Instituciones Religiosas - |z México - |x Aspectos Jurídicos | ||
| 650 | |a Asociaciones Civiles - |z México - |x Aspectos Jurídicos | ||
| 650 | |a Organizaciones No Gubernamentales - |z México - |x Aspectos Jurídicos | ||
| 650 | |a Partidos Políticos - |z México - |x Condiciones Jurídicas | ||
| 650 | |a Sindicalismo - |z México - |x Aspectos Jurídicos | ||
| 650 | |a Fideicomiso - |z México - |x Aspectos Jurídicos | ||
| 650 | |a Ejidos - |z México - |x Aspectos Jurídicos | ||
| 650 | |a Bienes Inmuebles | ||
| 650 | |a Impuestos - |z México | ||
| 650 | |a Ingresos - |z México | ||
| 650 | |a Sistema Fiscal - |z México | ||
| 650 | |a Jurisprudencia - |z México | ||
| 650 | |a Derecho Civil - |z México | ||
| 650 | |a Derecho Fiscal - |z México | ||
| 650 | |a Derecho - |z México | ||
| 700 | |a Zarzosa Escobedo, José Antonio |e (presentación) | ||
| 910 | |a Fondo General | ||
| 920 | |a Impresos - Libros | ||
| 930 | |a Colección General | ||
| 905 | |a 101 | ||
| 901 | |a 0500104112 |b IT1 |c ACC |u 20250521 | ||
| 902 | |a https://opac.biblio.iteso.mx/vufind/Record/000167854 | ||